| 000 | 00537cam a22002292a 4500 | ||
|---|---|---|---|
| 001 | 010680 | ||
| 003 | AR-FADEU | ||
| 008 | 311216n1978####xxu####################dd | ||
| 020 | _a950-04-0098-7 | ||
| 092 |
_a954.04 _bL313 |
||
| 100 | _aLapierre, Dominique | ||
| 245 | _aEsta noche, la libertad | ||
| 260 | _aBuenos Aires | ||
| 260 | _bEmecé | ||
| 260 | _c1978 | ||
| 300 | _a480 p | ||
| 440 | _aHechos reales | ||
| 500 | _aIncluye bibliografĂa | ||
| 700 | _aLarry, Collins | ||
| 650 | _aINDIA; PAQUISTAN | ||
| 942 | _cBDGR | ||
| 999 |
_c16464 _d16464 |
||